| 000 | 00407nam a22001577a 4500 | ||
|---|---|---|---|
| 003 | LC | ||
| 005 | 20160223115200.0 | ||
| 008 | 140526b xxu||||| |||| 00| 0 eng d | ||
| 020 | _a9780451524935 | ||
| 050 |
_aPR 6029 _b.Or79 1977 |
||
| 100 | _aOrwell, George | ||
| 245 |
_a1984 _cGeorge Orwell |
||
| 260 |
_aNew York : _bNew American Library, _cc1977. |
||
| 300 |
_a328 pages. _c18 cm. |
||
| 942 |
_2lcc _cBK |
||
| 999 |
_c117372 _d117372 |
||